000 00486nam a2200181Ia 4500
001 11410
005 20260306162826.0
008 260306t1972||||xx |||||||||||||| ||spa||
041 _aESP
082 _a985.04
_bR68
100 _aComisión Nacional del Sesquicentenario de la Independencia del Perú
_eAUT
245 0 _aIdeólogos de la emancipación peruana
260 _c1972
300 _a130 páginas :
_c24 cm.
650 _aGEN
654 _aCHU
942 _cLIB
_dJUS
_fJUS
_2ddc
_n
999 _c11410
_d11410